00531nam a2200193 a 4500001001300000003000900013005001700022008004100039020001000080082001600090100003400106245002200140260004400162300000800206500003500214505003200249650002200281700003400303nice12345678IN_TiNIC20260116011944.0050524s1340 hyda grp 000 0 urd  ac10000a297.63bNOM aNomani Mohammad, Abdul Jaleel aFarman-E-Nabuwat. aHyderabadbMatbua Shaukatul Islamc1340 a72p aincludes index and biblioraphy2 athree parts of first volume aMuhammad, Prophet1 aNomani Mohammad, Abdul Jaleel